000 nam a22 7a 4500
999 _c52755
_d52755
003 OSt
005 20220702103721.0
008 220702b xxu||||| |||| 00| 0 eng d
040 _cIIMT UNIVERSITY MEERUT
100 _aSINGH , MAHANDRA
245 _aRACHNA SHARIR VIGYAN VOL-1
250 _a1 ST
260 _aVARANASI
_bCHAUKHAMBA
_c2022
300 _a502
942 _2ddc
_c01